| 000 | 01261cam a22003734i 4500 | ||
|---|---|---|---|
| 999 |
_c7664 _d7664 |
||
| 001 | 991060734376506706 | ||
| 003 | OSt | ||
| 005 | 20230323184308.0 | ||
| 008 | 220908e202209 spca||| |||| 0|0 0dcat c | ||
| 017 |
_aDL B 13386-2022 _bBiblioteca de Catalunya |
||
| 020 | _a9788412394375 | ||
| 040 |
_aES-BaBC _bcat _erda _cCDMR |
||
| 041 | 0 |
_acat _aspa |
|
| 043 |
_ae-sp--- _be-spc-- _2catmarc |
||
| 080 |
_a929Polo, Irene _22004 |
||
| 080 |
_a929Polo, Irene _x(044) _22004 |
||
| 100 | 1 | _aPolo, Irene, | |
| 245 | 1 | 4 |
_aEls Anys americans d'Irene Polo / _c[selecció de textos i postfaci:] Glòria Santa-Maria i Pilar Tur |
| 264 | 1 |
_aBarcelona : _bCal Carré, _c2022 |
|
| 300 |
_a213 pàgines : _bil·lustracions ; _c15 cm |
||
| 505 | _aInclou cartes a Miquel Villà | ||
| 546 | _aText en català; 2 dels articles en castellà | ||
| 600 | 1 | 7 |
_aPolo, Irene, _2lemac |
| 600 | 1 | 7 |
_aPolo, Irene, _vEpistolaris. _2lemac |
| 650 | 7 |
_aPeriodistes _zCatalunya _vEpistolaris. _2lemac |
|
| 650 | 7 |
_aPeriodistes _zCatalunya _vBiografia. _2lemac |
|
| 650 | 0 |
_aDones periodistes _zCatalunya _vBiografia _92913 |
|
| 700 | 1 | _aSanta-Maria Batlló, Glòria, | |
| 700 | 1 | _aTur, Pilar, | |
| 700 | 1 | _aVillà, Miquel, | |
| 908 |
_aBC _aUAB _aURV |
||
| 940 | _aBC | ||
| 942 |
_2udc _cMON |
||